000 00297nam a22001337a 4500
008 170808b xxu||||| |||| 00| 0 eng d
020 _a9780939151240
041 _aeng
080 _a004
100 _a33
101 _aSHK
245 _aTHE SECRET GUIDE TO COMPUTERS
_cWALTER,R
942 _2udc
_cBK
999 _c22863
_d22863